| 000 | 00723cam a22002413a 4500 | ||
|---|---|---|---|
| 001 | 31853 | ||
| 003 | PGUSA | ||
| 005 | 20140828083705.0 | ||
| 008 | 100401s2010||||xxu|||||s|||||000 p eng d | ||
| 040 |
_aPGUSA _beng |
||
| 042 | _adc | ||
| 050 | 4 | _aPA | |
| 100 | 1 |
_aSouris, Georgios, _d1853-1919 |
|
| 245 | 1 | 0 |
_aΠοιήματα, Τόμος Δεύτερος, Ανέκδοτα _h[electronic resource] / _cGeorgios Souris |
| 260 |
_bProject Gutenberg, _c2010 |
||
| 506 | _aPublic domain in the USA. | ||
| 516 | _aElectronic text | ||
| 653 | _aGreek poetry, Modern | ||
| 740 | 0 | _aPoems Second Volume - Unpublished | |
| 830 | 0 |
_aProject Gutenberg _v31853 |
|
| 856 | 4 | 0 | _uhttp://www.gutenberg.org/ebooks/31853 |
| 942 | _cEB | ||
| 999 |
_c261108 _d261108 |
||